[Event "Sautron op 15th"]
[Site "Sautron"]
[Date "2015.10.23"]
[Round "3.11"]
[White "Isacesco, Frederic"]
[Black "Lucas, Arthur"]
[Result "1-0"]
[WhiteElo "2105"]
[BlackElo "1829"]
[PlyCount "93"]
[EventDate "2015.10.24"]
[EventType "swiss"]
[EventRounds "9"]
[EventCountry "FRA"]
[SourceTitle "EXT 2019"]
[Source "ChessBase"]
[SourceDate "2018.10.10"]
[SourceVersion "1"]
[SourceVersionDate "2018.10.10"]
[SourceQuality "1"]

1. d4 d5 2. Nf3 Nf6 3. c4 c6 4. Nc3 a6 5. a4 e6 6. Bg5 Be7 7. e3 0-0 8. Qc2 Nbd7 9. Rd1 h6 10. Bh4 dxc4 11. Bxc4 Nd5 12. Bxe7 Qxe7 13. 0-0 Nxc3 14. bxc3 b5 15. Ba2 Bb7 16. Bb1 f5 17. Qb3 Kh8 18. c4 Rab8 19. axb5 cxb5 20. d5 bxc4 21. d6 Qf7 22. Qxc4 Bxf3 23. gxf3 Rbe8 24. f4 Qh5 25. f3 e5 26. fxe5 Nxe5 27. Qf4 Ng6 28. Qg3 Qg5 29. Qxg5 hxg5 30. d7 Rd8 31. Rd5 Ne7 32. Rd6 Rf6 33. Rfd1 Kg8 34. e4 fxe4 35. fxe4 Nc6 36. Ba2+ Kh7 37. Be6 Nb8 38. Rc1 Rff8 39. Rc8 a5 40. Bf5+ Kg8 41. Be6+ Kh7 42. e5 a4 43. Rc7 Rf4 44. Bd5 a3 45. e6 a2 46. Bxa2 Rdf8 47. Bc4 1-0

[Event "FRA-ch U14"]
[Site "Hyeres"]
[Date "2002.??.??"]
[Round "7.10"]
[White "Genzling, Alain"]
[Black "Isacesco, Frederic"]
[Result "1/2-1/2"]
[WhiteElo "1970"]
[BlackElo "1780"]
[PlyCount "86"]
[EventDate "2002.04.05"]
[EventType "swiss"]
[EventRounds "9"]
[EventCountry "FRA"]
[SourceTitle "EXT 2003"]
[Source "ChessBase"]
[SourceDate "2002.11.25"]
[SourceVersion "1"]
[SourceVersionDate "2002.11.25"]
[SourceQuality "1"]

1. e4 c5 2. Nf3 Nc6 3. d4 cxd4 4. Nxd4 g6 5. Nc3 Bg7 6. Be3 Nf6 7. Bc4 0-0 8. Bb3 d6 9. f3 Bd7 10. Qd2 Qa5 11. g4 Ne5 12. h4 b5 13. h5 Rfc8 14. hxg6 hxg6 15. Bh6 Bh8 16. Qh2 e6 17. Qh4 Qd8 18. Bg5 Bg7 19. Rd1 a5 20. a3 b4 21. axb4 axb4 22. Nce2 Ba4 23. Bxf6 Qxf6 24. f4 Qxh4+ 25. Rxh4 Bxb3 26. cxb3 Nc6 27. Nb5 Bxb2 28. Rxd6 Rab8 29. Nbd4 Nxd4 30. Nxd4 Bxd4 31. Rxd4 Rc3 32. f5 Rxb3 33. fxe6 fxe6 34. Kd2 Rg3 35. Ke2 Rg2+ 36. Kf3 Rg1 37. Rd2 Rb1 38. Kf4 b3 39. Rdh2 Rf1+ 40. Kg5 Rb5+ 41. Kxg6 Kf8 42. Rb2 Rf4 43. e5 Rf3 1/2-1/2